000 01072nam a2200217Ia 4500
008 0000001989 sp a 0000000000cat00
090 _aPSP00 C67a
100 1 _aCosta Romero de Tejada, Alberto
245 1 0 _aAntoni Torres
_b: pintures
_c/ text de presentació Alberto Costa Romero de Tejada ; fotografies Ramón Calvet, Alberto Costa Romero de Tejada ; traductors Pere Villalba, Catherine Regnault, Juan Luis García
300 _a[48] p.
_c/ 30 cm.
440 _aColección Laberint D ́Art ; 4
500 _aExposición realizada en Galerie Dubé, Barcelona, 1989 \ Texto bilingue : español e inglés \ \ Con el patronazgo del maestro venezolano Jesús Rafael Soto (q.e.p.d.)
600 0 0 _aTORRES, ANTONI, 1951/
_xTRABAJOS PICTORICOS
650 1 4 _aARTE CONTEMPORANEO ESPAÑOL
650 1 4 _xCATALOGOS
650 1 4 _xEXPOSICIONES
650 1 4 _aPINTORES ESPAÑOLES
650 1 4 _aPINTURA ESPAÑOLA
700 1 _aCalvet, Ramón \ Villalba, Pere, tr. \ Regnault, Catherine, tr. \ García, Jan Luis
999 _c6026
_d6026
260 _aBarcelona : Galería Dubé
_c1989